The connection between land-use type and PM10 temporal and spatial trend in European cities [abstract] /

Elmentve itt :
Bibliográfiai részletek
Szerzők: Sohrab Seyedehmehrmanzar
Csikós Nándor
Szilassi Péter
Testületi szerző: XVIII. Kárpát-medencei Környezettudományi Konferencia
Dokumentumtípus: Könyv része
Megjelent: SZTE Geoinformatikai, Természet- és Környezetföldrajzi Tanszék Szeged 2023
Sorozat:Kárpát-medencei Környezettudományi Konferencia 18
Kulcsszavak:Térinformatika - előadáskivonat
Tárgyszavak:
Online Access:http://acta.bibl.u-szeged.hu/83667
LEADER 01111naa a2200241 i 4500
001 acta83667
005 20240220081638.0
008 240220s2023 hu o 100 eng d
020 |a 978-963-306-937-0 
040 |a SZTE Egyetemi Kiadványok Repozitórium  |b hun 
041 |a eng 
100 1 |a Sohrab Seyedehmehrmanzar 
245 1 4 |a The connection between land-use type and PM10 temporal and spatial trend in European cities   |h [elektronikus dokumentum] :  |b [abstract] /  |c  Sohrab Seyedehmehrmanzar 
260 |a SZTE Geoinformatikai, Természet- és Környezetföldrajzi Tanszék  |b Szeged  |c 2023 
300 |a 130-131 
490 0 |a Kárpát-medencei Környezettudományi Konferencia  |v 18 
650 4 |a Természettudományok 
650 4 |a Föld- és kapcsolódó környezettudományok 
695 |a Térinformatika - előadáskivonat 
700 0 1 |a Csikós Nándor  |e aut 
700 0 1 |a Szilassi Péter  |e aut 
711 |a XVIII. Kárpát-medencei Környezettudományi Konferencia  |c Szeged  |d 2023. május 17-19. 
856 4 0 |u http://acta.bibl.u-szeged.hu/83667/1/karpat_medencei_kornyezettud_konf_018_130-131.pdf  |z Dokumentum-elérés